000 00703cam a2200181 i 4500
005 20251110103200.0
008 250721s2006 ua gr 000 0 ara d
082 1 4 _a155.5
_bم ح م
100 1 _aمحمد، أيمن
_eمؤلف.
245 1 2 _aالمراهقة أحرج مراحل العمر :
_bكتاب مرشد للآباء و الأمهات في التعامل مع المراهقين /
_cد. أيمن محمد.
250 _aالطبعة الأولى.
264 3 1 _aالجيزة :
_bمكتبة النافذة،
_c2006.
300 _a128 صفحة.
650 1 7 _aسيكولوجية المراهقين.
650 1 7 _aالمراهقون.
942 _2ddc
_cBK
999 _c105776
_d105776